Differential equations
محفوظ في:
| المؤلف الرئيسي: | |
|---|---|
| التنسيق: | كتاب |
| اللغة: | English |
| منشور في: |
New York, The Macmillan Company,
1934.
|
| سلاسل: | A series of mathematical texts (for colleges)
|
| الموضوعات: | |
| الوسوم: |
إضافة وسم
لا توجد وسوم, كن أول من يضع وسما على هذه التسجيلة!
|
MARC
| LEADER | 00000nam a2200000Ia 4500 | ||
|---|---|---|---|
| 003 | 000211 | ||
| 005 | 20221231144005.0 | ||
| 008 | 140114s1934 nyua 000 ||eng d | ||
| 040 | |c cru CEDI | ||
| 082 | |a 517.38 C752d | ||
| 100 | |a Conkwright, Nelson Bush, 1898- |9 20711 | ||
| 245 | |a Differential equations | ||
| 260 | |a New York, The Macmillan Company, |c 1934. | ||
| 300 | |a xii páginas., llustraciones., 236 páginas. diagramas. 20 cm. | ||
| 440 | |a A series of mathematical texts (for colleges) |9 20712 | ||
| 650 | |x TEORIA DE ECUACIONES |9 20531 | ||
| 942 | |2 ddc |c BK | ||
| 999 | |c 15273 |d 15273 | ||
